[Event "Bucharest Grand Prix op"]
[Site "Bucharest"]
[Date "2024.03.24"]
[Round "9"]
[White "Zajic, Milan"]
[Black "Filev, Georgi"]
[Result "1/2-1/2"]
[WhiteElo "2436"]
[BlackElo "2210"]
[PlyCount "99"]
[EventDate "2024.03.23"]
[EventType "swiss (rapid)"]
[EventRounds "10"]
[EventCountry "ROU"]
[SourceTitle "CB13_2024"]
[SourceDate "2024.03.27"]
[SourceVersion "1"]
[SourceVersionDate "2024.03.27"]
[SourceQuality "1"]

1. e4 c5 2. Nf3 d6 3. d4 cxd4 4. Nxd4 Nf6 5. Nc3 g6 6. Be3 Bg7 7. f3 0-0 8. Qd2 Nc6 9. 0-0-0 d5 10. exd5 Nxd5 11. Nxc6 bxc6 12. Bd4 e5 13. Bc5 Re8 14. Ne4 Qc7 15. Bc4 Be6 16. Bd6 Qb6 17. Bc5 Qc7 18. Bb3 Rad8 19. Qf2 Nf4 20. Bd6 Qb7 21. Ba3 Bxb3 22. axb3 Qa6 23. Nd6 Rf8 24. Kb1 Rd7 25. Ne4 Rfd8 26. Rxd7 Rxd7 27. g3 Ne6 28. h4 Qb6 29. Qf1 h5 30. Qe1 Qd8 31. g4 Nf4 32. Bc5 a6 33. Qf1 Qa5 34. Be3 Nd5 35. Bd2 Qb6 36. gxh5 gxh5 37. Rg1 f5 38. Ng3 e4 39. Nxf5 e3 40. Qe1 exd2 41. Qe8+ Kh7 42. Qxh5+ Kg8 43. Qe8+ Kh7 44. Qg6+ Kh8 45. Qh5+ Kg8 46. Rxg7+ Rxg7 47. Qe8+ Kh7 48. Qh5+ Kg8 49. Qe8+ Kh7 50. Qh5+ 1/2-1/2

[Event "SRB-chT Premier"]
[Site "Bajina Basta"]
[Date "2023.09.19"]
[Round "2.1"]
[White "Draskovic, Luka"]
[Black "Zajic, Milan"]
[Result "1/2-1/2"]
[WhiteElo "2494"]
[BlackElo "2407"]
[PlyCount "57"]
[EventDate "2023.09.18"]
[EventType "team-tourn"]
[EventRounds "11"]
[EventCountry "SRB"]
[SourceTitle "EXT 2024"]
[Source "ChessBase"]
[SourceDate "2023.10.10"]
[SourceVersion "1"]
[SourceVersionDate "2023.10.10"]
[SourceQuality "1"]
[WhiteTeam "Belgrade Zmaj"]
[BlackTeam "Goracici Jelica"]
[WhiteTeamCountry "SRB"]
[BlackTeamCountry "SRB"]

1. e4 e5 2. Nf3 Nc6 3. Bc4 Bc5 4. d3 Nf6 5. Nc3 d6 6. Na4 Bb6 7. a3 Be6 8. Bxe6 fxe6 9. 0-0 0-0 10. b4 Qe8 11. c3 h6 12. Ra2 Qh5 13. h3 Rf7 14. Nh2 Qg6 15. Nxb6 axb6 16. Ng4 Nxg4 17. Qxg4 Qxg4 18. hxg4 b5 19. f3 d5 20. Kf2 Rd7 21. Ke2 Kf7 22. Rc2 Ne7 23. Bb2 Ng6 24. g3 Rad8 25. Bc1 Ke8 26. g5 hxg5 27. Bxg5 Ra8 28. Bc1 Ra6 29. Bb2 1/2-1/2

[Event "Belgrade Gligoric 100 Ann op"]
[Site "Belgrade"]
[Date "2023.02.05"]
[Round "7"]
[White "Sanal, Vahap"]
[Black "Zajic, Milan"]
[Result "1-0"]
[WhiteElo "2590"]
[BlackElo "2387"]
[PlyCount "75"]
[EventDate "2023.02.05"]
[EventType "swiss (blitz)"]
[EventRounds "11"]
[EventCountry "SRB"]
[SourceTitle "EXT 2024"]
[Source "ChessBase"]
[SourceDate "2023.10.10"]
[SourceVersion "1"]
[SourceVersionDate "2023.10.10"]
[SourceQuality "1"]

1. Nf3 d5 2. b3 Nf6 3. Bb2 e6 4. g3 a5 5. c4 a4 6. bxa4 Nbd7 7. cxd5 exd5 8. Bc3 Bd6 9. d3 0-0 10. Bg2 Qe7 11. 0-0 c6 12. Nbd2 Bb4 13. Bd4 Bc5 14. Bc3 Bb4 15. Bd4 Bc5 16. Rb1 Bxd4 17. Nxd4 Nc5 18. Qc2 Nxa4 19. Rfc1 Rd8 20. e3 h6 21. N2b3 h5 22. h3 g6 23. Qd2 Nh7 24. Qd1 Ng5 25. Qf1 Qf6 26. Rc2 Ra7 27. h4 Nh7 28. e4 dxe4 29. dxe4 Rxd4 30. e5 Qd8 31. Nxd4 Qxd4 32. Rd1 Qb6 33. Rcd2 Nf8 34. Rd8 Be6 35. Re8 Kg7 36. Rdd8 Nh7 37. Rg8+ Kh6 38. Qc1+ 1-0

[Event "Belgrade Gligoric 100 Ann op"]
[Site "Belgrade"]
[Date "2023.02.05"]
[Round "2"]
[White "Sredojevic, Ivan"]
[Black "Zajic, Milan"]
[Result "0-1"]
[WhiteElo "2251"]
[BlackElo "2387"]
[PlyCount "82"]
[EventDate "2023.02.05"]
[EventType "swiss (blitz)"]
[EventRounds "11"]
[EventCountry "SRB"]
[SourceTitle "EXT 2024"]
[Source "ChessBase"]
[SourceDate "2023.10.10"]
[SourceVersion "1"]
[SourceVersionDate "2023.10.10"]
[SourceQuality "1"]

1. e4 c5 2. c3 d5 3. exd5 Qxd5 4. Nf3 Nf6 5. Na3 Nc6 6. Be2 e5 7. 0-0 Be7 8. d3 0-0 9. Re1 b6 10. Nc4 Bb7 11. Bf1 Bd6 12. Ne3 Qe6 13. Ng5 Qd7 14. Ne4 Be7 15. Qf3 Rfe8 16. Nf5 Nxe4 17. Qg4 Ng5 18. Nh6+ gxh6 19. Qxd7 Rab8 20. Qg4 Kh8 21. h4 Ne6 22. Bxh6 Rg8 23. Qf5 Rg6 24. Be3 Bxh4 25. Qxf7 Ba8 26. g3 Rf8 27. Qd7 Nf4 28. Kh2 Bg5 29. gxf4 exf4 30. Bh3 Ne5 31. Qc7 Nf3+ 32. Kh1 Nxe1+ 33. Kg1 Nf3+ 34. Kf1 fxe3 35. Bg2 Nd2+ 36. Ke2 Rxf2+ 37. Ke1 Rxg2 38. Qc8+ Rg8 39. Qh3 Nf3+ 40. Kd1 Rd2+ 41. Kc1 e2 0-1

[Event "Belgrade Gligoric 100 Ann op"]
[Site "Belgrade"]
[Date "2023.02.05"]
[Round "8"]
[White "Zajic, Milan"]
[Black "Sarana, Alexey"]
[Result "1/2-1/2"]
[WhiteElo "2387"]
[BlackElo "2668"]
[PlyCount "137"]
[EventDate "2023.02.05"]
[EventType "swiss (blitz)"]
[EventRounds "11"]
[EventCountry "SRB"]
[SourceTitle "EXT 2024"]
[Source "ChessBase"]
[SourceDate "2023.10.10"]
[SourceVersion "1"]
[SourceVersionDate "2023.10.10"]
[SourceQuality "1"]

1. e4 c5 2. Nf3 d6 3. Bb5+ Bd7 4. a4 Nf6 5. d3 g6 6. 0-0 Bg7 7. Nbd2 0-0 8. h3 Nc6 9. Re1 e6 10. Nc4 a6 11. Bxc6 Bxc6 12. e5 dxe5 13. Nfxe5 Bd5 14. a5 Bxc4 15. Nxc4 Nd5 16. Bd2 Qc7 17. Qf3 Rad8 18. h4 h6 19. g3 Qc6 20. Ra3 Rfe8 21. Rb3 Qc7 22. Kg2 Re7 23. Re2 e5 24. Nb6 Nf6 25. Bc3 h5 26. Ra3 Re6 27. Ra1 Ng4 28. Rae1 Rde8 29. Qd5 Kh7 30. Qd7 Qb8 31. Qxf7 Rf6 32. Qd5 Ref8 33. Nd7 Rxf2+ 34. Kg1 Qd8 35. Nxf8+ Qxf8 36. Qe4 Rf3 37. Kg2 Rf2+ 38. Kg1 Qf7 39. Bd2 Rf3 40. Rg2 Bf8 41. c4 Bd6 42. Bg5 Rf5 43. Bd2 Bf8 44. Bg5 Bg7 45. b3 Bf8 46. Bd2 Bd6 47. Bg5 Bf8 48. Qe2 Rf3 49. Rf1 Rxf1+ 50. Qxf1 Qe8 51. Qf3 Bg7 52. Qxb7 e4 53. Qxe4 Qf7 54. Re2 Qc7 55. Bf4 Qxa5 56. Kg2 Qc3 57. Bd6 Bd4 58. Qe7+ Bg7 59. Qe4 Bd4 60. Bf4 Qxb3 61. Bd6 Qb1 62. Qe7+ Bg7 63. Qe4 Qb6 64. Bf4 Qb1 65. Bc7 Bd4 66. Qe7+ Bg7 67. Qe4 Bd4 68. Qe7+ Bg7 69. Qe4 1/2-1/2

[Event "Belgrade Gligoric 100 Ann op"]
[Site "Belgrade"]
[Date "2023.02.05"]
[Round "1"]
[White "Zajic, Milan"]
[Black "Sekulic, Dusan"]
[Result "1-0"]
[WhiteElo "2387"]
[BlackElo "2168"]
[PlyCount "48"]
[EventDate "2023.02.05"]
[EventType "swiss (blitz)"]
[EventRounds "11"]
[EventCountry "SRB"]
[SourceTitle "EXT 2024"]
[Source "ChessBase"]
[SourceDate "2023.10.10"]
[SourceVersion "1"]
[SourceVersionDate "2023.10.10"]
[SourceQuality "1"]

1. e4 e5 2. Bc4 Nc6 3. d3 Nf6 4. Nf3 Bc5 5. 0-0 0-0 6. a4 a6 7. Nc3 d6 8. Be3 Ba7 9. Bg5 Be6 10. Nd5 Bxd5 11. Bxd5 h6 12. Bxf6 Qxf6 13. Kh1 Nd8 14. c3 c6 15. Bb3 Ne6 16. g3 Kh8 17. Nh4 g6 18. Qg4 Rae8 19. f4 exf4 20. gxf4 Ng7 21. Rf3 h5 22. Qg3 Kh7 23. Raf1 d5 24. e5 Qd8 1-0

[Event "SRB Central-ch"]
[Site "Pirot"]
[Date "2022.11.22"]
[Round "8"]
[White "Dhulipalla, Bala Chandra Prasad"]
[Black "Zajic, Milan"]
[Result "1/2-1/2"]
[WhiteElo "2442"]
[BlackElo "2415"]
[PlyCount "76"]
[EventDate "2022.11.16"]
[EventType "swiss"]
[EventRounds "9"]
[EventCountry "SRB"]
[SourceTitle "CBM 211 Extra"]
[Source "ChessBase"]
[SourceDate "2023.01.31"]
[SourceVersion "1"]
[SourceVersionDate "2023.01.31"]
[SourceQuality "1"]

1. d4 Nf6 2. c4 e6 3. g3 d5 4. Bg2 Bb4+ 5. Nd2 0-0 6. Ngf3 dxc4 7. Qc2 a5 8. a3 Bxd2+ 9. Bxd2 b5 10. a4 c6 11. h4 Ra6 12. h5 h6 13. Rh4 Nd5 14. Ne5 Nd7 15. Bxh6 Nxe5 16. dxe5 f5 17. Bd2 Nb4 18. Qc1 Kh7 19. Kf1 Qe7 20. Bf3 Bd7 21. Rd4 Nd5 22. Kg2 c5 23. Bg5 Qe8 24. axb5 Bxb5 25. Rd1 a4 26. e4 Nb4 27. Rd8 Qf7 28. Rxf8 Qxf8 29. Qc3 Nd3 30. h6 g6 31. Bf6 Qe8 32. exf5 gxf5 33. Rd1 Ra7 34. Kg1 Ra6 35. Be2 Qc6 36. Qd2 Ra8 37. Qg5 Rg8 38. Bg7 Nxe5 1/2-1/2

[Event "SRB Central-ch"]
[Site "Pirot"]
[Date "2022.11.20"]
[Round "5"]
[White "Zajic, Milan"]
[Black "Ivanovic, Marko"]
[Result "1-0"]
[WhiteElo "2415"]
[BlackElo "2293"]
[PlyCount "75"]
[EventDate "2022.11.16"]
[EventType "swiss"]
[EventRounds "9"]
[EventCountry "SRB"]
[SourceTitle "CBM 211 Extra"]
[Source "ChessBase"]
[SourceDate "2023.01.31"]
[SourceVersion "1"]
[SourceVersionDate "2023.01.31"]
[SourceQuality "1"]

1. e4 e5 2. Nf3 Nc6 3. Bb5 a6 4. Ba4 Nf6 5. d3 Bc5 6. 0-0 b5 7. Bb3 d6 8. a4 b4 9. c3 0-0 10. Nbd2 Rb8 11. h3 Re8 12. Re1 h6 13. Nc4 Ba7 14. a5 Be6 15. Bd2 bxc3 16. bxc3 d5 17. Ncxe5 Nxe5 18. Nxe5 dxe4 19. Ba4 Bd7 20. Nxd7 Nxd7 21. dxe4 Re6 22. Bf4 Nc5 23. Qxd8+ Rxd8 24. Bc2 Nb7 25. Reb1 Nd6 26. Rd1 g5 27. Bg3 Rb8 28. Rab1 Rxb1 29. Bxb1 h5 30. e5 Nb5 31. Ba2 Rc6 32. Rd7 Nxc3 33. Bxf7+ Kf8 34. Bxh5 Ne4 35. Kh2 Nxg3 36. Kxg3 Re6 37. Rf7+ Kg8 38. Rxc7 1-0

[Event "SRB Central-ch"]
[Site "Pirot"]
[Date "2022.11.19"]
[Round "4"]
[White "Zajic, Milan"]
[Black "Pap, Misa"]
[Result "0-1"]
[WhiteElo "2415"]
[BlackElo "2395"]
[PlyCount "70"]
[EventDate "2022.11.16"]
[EventType "swiss"]
[EventRounds "9"]
[EventCountry "SRB"]
[SourceTitle "CBM 211 Extra"]
[Source "ChessBase"]
[SourceDate "2023.01.31"]
[SourceVersion "1"]
[SourceVersionDate "2023.01.31"]
[SourceQuality "1"]

1. e4 c5 2. Nf3 Nc6 3. Bb5 d6 4. d4 cxd4 5. Qxd4 Bd7 6. Qd3 Nf6 7. c4 a6 8. Bxc6 Bxc6 9. Nc3 e6 10. 0-0 Be7 11. Nd4 Rc8 12. b3 0-0 13. Bb2 Qa5 14. Rfe1 Rfe8 15. h3 Qg5 16. Rad1 Nd7 17. Bc1 Qg6 18. Qe2 Bd8 19. Rd3 Bh4 20. Nxc6 Rxc6 21. Red1 Be7 22. Rg3 Qf6 23. f4 Bf8 24. e5 Qd8 25. exd6 Rxd6 26. Rxd6 Bxd6 27. Ne4 Bf8 28. Bb2 e5 29. Qg4 exf4 30. Qxf4 Qb6+ 31. Kh2 Qe6 32. Ng5 Qg6 33. Nf3 Bd6 34. Be5 Nxe5 35. Nd4 Nc6 0-1

[Event "SRB Central-ch"]
[Site "Pirot"]
[Date "2022.11.16"]
[Round "1"]
[White "Bozinovic, Boban"]
[Black "Zajic, Milan"]
[Result "0-1"]
[WhiteElo "1959"]
[BlackElo "2415"]
[PlyCount "76"]
[EventDate "2022.11.16"]
[EventType "swiss"]
[EventRounds "9"]
[EventCountry "SRB"]
[SourceTitle "CBM 211 Extra"]
[Source "ChessBase"]
[SourceDate "2023.01.31"]
[SourceVersion "1"]
[SourceVersionDate "2023.01.31"]
[SourceQuality "1"]

1. e4 c5 2. Nf3 Nc6 3. d4 cxd4 4. Nxd4 Nf6 5. Nc3 e5 6. Ndb5 d6 7. Bg5 a6 8. Bxf6 gxf6 9. Na3 b5 10. Nd5 f5 11. exf5 Bxf5 12. c3 Bg7 13. Qf3 Bd7 14. Bd3 0-0 15. Bf5 Bxf5 16. Qxf5 Ne7 17. Nxe7+ Qxe7 18. 0-0 d5 19. Rad1 Qe6 20. Qxe6 fxe6 21. Nc2 a5 22. f3 Kf7 23. a3 Ke7 24. Rfe1 h5 25. Re2 Rab8 26. Rd3 Kd6 27. Rd1 Rf5 28. Ne3 Rf4 29. Nc2 h4 30. Ne1 h3 31. g3 Rf7 32. Kf2 Kc6 33. Kg1 Rbf8 34. Re3 e4 35. Kf2 e5 36. Ke2 Bh6 37. fxe4 Rf2+ 38. Kd3 Rd8 0-1

[Event "Braila GP RO Stage 5"]
[Site "Braila"]
[Date "2022.11.06"]
[Round "5"]
[White "Sieber, Fiona"]
[Black "Zajic, Milan"]
[Result "1/2-1/2"]
[WhiteElo "2265"]
[BlackElo "2415"]
[PlyCount "76"]
[EventDate "2022.11.05"]
[EventType "swiss (rapid)"]
[EventRounds "10"]
[EventCountry "ROU"]
[SourceTitle "EXT 2024"]
[Source "ChessBase"]
[SourceDate "2023.10.10"]
[SourceVersion "1"]
[SourceVersionDate "2023.10.10"]
[SourceQuality "1"]

1. e4 c5 2. Nf3 Nc6 3. d4 cxd4 4. Nxd4 Nf6 5. Nc3 e5 6. Ndb5 d6 7. Bg5 a6 8. Na3 b5 9. Bxf6 gxf6 10. Nd5 f5 11. Bd3 Be6 12. 0-0 Bxd5 13. exd5 Ne7 14. Re1 Bg7 15. c3 0-0 16. Qh5 e4 17. Bf1 Re8 18. Nc2 Nxd5 19. Qxf5 Re5 20. Qh3 a5 21. Rad1 b4 22. Nd4 Qf6 23. Nc6 Nf4 24. Qd7 Re6 25. g3 bxc3 26. bxc3 Ng6 27. Bh3 e3 28. fxe3 Ree8 29. Rf1 Qxc3 30. Rxf7 Rf8 31. Rdf1 Kh8 32. Kh1 Qxe3 33. Rxg7 Qe4+ 34. Kg1 Qe3+ 35. Kh1 Qe4+ 36. Kg1 Qe3+ 37. Kh1 Qe4+ 38. Kg1 Qe3+ 1/2-1/2

[Event "Braila GP RO Stage 5"]
[Site "Braila"]
[Date "2022.11.06"]
[Round "9"]
[White "Zajic, Milan"]
[Black "Daianu, Cristian Clement"]
[Result "1/2-1/2"]
[WhiteElo "2415"]
[BlackElo "2189"]
[PlyCount "142"]
[EventDate "2022.11.05"]
[EventType "swiss (rapid)"]
[EventRounds "10"]
[EventCountry "ROU"]
[SourceTitle "EXT 2024"]
[Source "ChessBase"]
[SourceDate "2023.10.10"]
[SourceVersion "1"]
[SourceVersionDate "2023.10.10"]
[SourceQuality "1"]

1. e4 c5 2. Nf3 d6 3. d4 cxd4 4. Qxd4 Nc6 5. Bb5 Nf6 6. c4 Bd7 7. Bxc6 Bxc6 8. Nc3 g6 9. 0-0 Bg7 10. Qd3 0-0 11. Nd4 Rc8 12. h3 Nd7 13. Be3 b6 14. Rac1 Bb7 15. b3 Nc5 16. Qb1 e5 17. Nde2 f5 18. f3 fxe4 19. Nxe4 Nxe4 20. fxe4 Qh4 21. Nc3 Qg3 22. Bf2 Qg5 23. Qd3 Rcd8 24. Rcd1 Kh8 25. Qe3 Qh5 26. g4 Qh6 27. Qxh6 Bxh6 28. Bh4 Be3+ 29. Kg2 g5 30. Bf2 Bxf2 31. Rxf2 Rxf2+ 32. Kxf2 Kg7 33. Nb5 Bxe4 34. Nxd6 Rf8+ 35. Ke3 Bg6 36. Ne4 h5 37. Nxg5 Rf6 38. Rd7+ Kh6 39. Nf3 hxg4 40. hxg4 Rf4 41. g5+ Kh5 42. Re7 Re4+ 43. Kf2 Rf4 44. Rxe5 Kg4 45. Re7 Rxf3+ 46. Ke2 a5 47. Re6 Bd3+ 48. Kd2 Bf5 49. Rxb6 Rf2+ 50. Ke3 Rxa2 51. g6 Ra3 52. g7 Bh7 53. Kd4 Kg5 54. Rb8 Kf6 55. g8Q Bxg8 56. Rxg8 Rxb3 57. Kd5 a4 58. c5 Rd3+ 59. Kc6 a3 60. Ra8 Ke5 61. Ra4 Rb3 62. Kd7 Rd3+ 63. Kc7 Rc3 64. c6 Kd5 65. Ra5+ Kc4 66. Kb6 Kb3 67. Rb5+ Kc2 68. c7 Rxc7 69. Kxc7 a2 70. Ra5 Kb2 71. Rxa2+ Kxa2 1/2-1/2

[Event "Braila GP RO Stage 5"]
[Site "Braila"]
[Date "2022.11.05"]
[Round "1"]
[White "Talmaci, Chiril"]
[Black "Zajic, Milan"]
[Result "0-1"]
[WhiteElo "1887"]
[BlackElo "2415"]
[PlyCount "120"]
[EventDate "2022.11.05"]
[EventType "swiss (rapid)"]
[EventRounds "10"]
[EventCountry "ROU"]
[SourceTitle "EXT 2024"]
[Source "ChessBase"]
[SourceDate "2023.10.10"]
[SourceVersion "1"]
[SourceVersionDate "2023.10.10"]
[SourceQuality "1"]

1. d4 Nf6 2. c4 e6 3. Nf3 d5 4. Nc3 Bb4 5. e3 0-0 6. Qc2 c5 7. a3 Bxc3+ 8. Qxc3 cxd4 9. exd4 b6 10. Bg5 h6 11. Bxf6 Qxf6 12. c5 bxc5 13. Qxc5 Nd7 14. Qc3 Qg6 15. Rc1 a5 16. Qc2 Qf6 17. Be2 e5 18. dxe5 Nxe5 19. Nxe5 Qxe5 20. 0-0 Rb8 21. Bf3 Rxb2 22. Qc5 Be6 23. Qxa5 Rfb8 24. a4 Ra2 25. Rcd1 Rbb2 26. Bxd5 Bxd5 27. Qxd5 Qf4 28. Qd8+ Kh7 29. Qd3+ g6 30. Qd4 Qf5 31. h3 h5 32. Qe3 Rxa4 33. Qd3 Qf6 34. Qd7 Rf4 35. Rd2 Rb3 36. Qd6 Qg5 37. Qd5 Qxd5 38. Rxd5 h4 39. Rd2 Kh6 40. Re2 f5 41. Ra2 Kg5 42. Rd2 Re4 43. f3 Rc4 44. Ra2 Kf4 45. Ra6 g5 46. Ra2 Rd3 47. Re2 Kg3 48. Ra2 Rcd4 49. Re2 Rf4 50. Rc2 Rfd4 51. Kh1 Re3 52. Rb2 Red3 53. Rb5 Rd1 54. Rb1 Rxf1+ 55. Rxf1 Rd2 56. Rg1 Rf2 57. Re1 Rxg2 58. Re5 Rb2 59. Re1 Kxh3 60. Rg1 Rh2# 0-1

[Event "SRB-chT Premier"]
[Site "Vrnjacka Banja"]
[Date "2022.09.29"]
[Round "10.4"]
[White "Ratkovic, Miloje"]
[Black "Zajic, Milan"]
[Result "1/2-1/2"]
[WhiteElo "2498"]
[BlackElo "2402"]
[PlyCount "89"]
[EventDate "2022.09.20"]
[EventType "team-tourn"]
[EventRounds "11"]
[EventCountry "SRB"]
[SourceTitle "CBM 210 Extra"]
[Source "ChessBase"]
[SourceDate "2022.11.30"]
[SourceVersion "1"]
[SourceVersionDate "2022.11.30"]
[SourceQuality "1"]
[WhiteTeam "Elemir Naftagas"]
[BlackTeam "Goracici Jelica"]
[WhiteTeamCountry "SRB"]
[BlackTeamCountry "SRB"]

1. d4 Nf6 2. c4 e6 3. Nf3 d5 4. Nc3 Bb4 5. Qa4+ Nc6 6. a3 Bxc3+ 7. bxc3 Bd7 8. cxd5 exd5 9. Bg5 h6 10. Bh4 Qe7 11. Qb3 Na5 12. Qb4 Qxb4 13. axb4 Nc4 14. Bxf6 gxf6 15. e3 Nd6 16. Bd3 Bb5 17. Bxb5+ Nxb5 18. Kd2 Rg8 19. g3 c6 20. Kd3 0-0-0 21. Nh4 Rg5 22. Rhe1 Re8 23. f3 a6 24. e4 Nd6 25. exd5 Rxe1 26. Rxe1 cxd5 27. Ng2 Kd7 28. Ne3 Kc6 29. Ng4 h5 30. Nf2 h4 31. g4 Rg8 32. Re7 f5 33. gxf5 Rg5 34. Ng4 Rxf5 35. Ke2 Nc4 36. Re8 b6 37. Rh8 a5 38. bxa5 bxa5 39. Ne3 Nxe3 40. Kxe3 a4 41. Ra8 Kb5 42. Rb8+ Ka5 43. Ra8+ Kb5 44. Rb8+ Ka5 45. Ra8+ 1/2-1/2

[Event "SRB-chT Premier"]
[Site "Vrnjacka Banja"]
[Date "2022.09.27"]
[Round "8.3"]
[White "Mijailovic, Zoran"]
[Black "Zajic, Milan"]
[Result "1/2-1/2"]
[WhiteElo "2345"]
[BlackElo "2402"]
[PlyCount "46"]
[EventDate "2022.09.20"]
[EventType "team-tourn"]
[EventRounds "11"]
[EventCountry "SRB"]
[SourceTitle "CBM 210 Extra"]
[Source "ChessBase"]
[SourceDate "2022.11.30"]
[SourceVersion "1"]
[SourceVersionDate "2022.11.30"]
[SourceQuality "1"]
[WhiteTeam "Lucani Mladost"]
[BlackTeam "Goracici Jelica"]
[WhiteTeamCountry "SRB"]
[BlackTeamCountry "SRB"]

1. d4 Nf6 2. c4 e6 3. Nf3 d5 4. Nc3 Bb4 5. Bg5 h6 6. Bxf6 Qxf6 7. e3 0-0 8. Rc1 dxc4 9. Bxc4 c5 10. 0-0 cxd4 11. exd4 Nc6 12. Ne4 Qe7 13. Qe2 Rd8 14. Rfd1 Ba5 15. Bb5 Bd7 16. Nc5 Be8 17. a3 Bb6 18. b4 a5 19. Qb2 axb4 20. axb4 Rd6 21. Ne4 Rdd8 22. Nc5 Rd6 23. Ne4 Rdd8 1/2-1/2

[Event "SRB-chT Premier"]
[Site "Vrnjacka Banja"]
[Date "2022.09.20"]
[Round "1.5"]
[White "Savic, Miodrag R"]
[Black "Zajic, Milan"]
[Result "1/2-1/2"]
[WhiteElo "2406"]
[BlackElo "2402"]
[PlyCount "91"]
[EventDate "2022.09.20"]
[EventType "team-tourn"]
[EventRounds "11"]
[EventCountry "SRB"]
[SourceTitle "CBM 210 Extra"]
[Source "ChessBase"]
[SourceDate "2022.11.30"]
[SourceVersion "1"]
[SourceVersionDate "2022.11.30"]
[SourceQuality "1"]
[WhiteTeam "Belgrade Zmaj"]
[BlackTeam "Goracici Jelica"]
[WhiteTeamCountry "SRB"]
[BlackTeamCountry "SRB"]

1. e4 c5 2. c3 d5 3. exd5 Qxd5 4. Nf3 Nf6 5. Na3 Nc6 6. Be2 e5 7. d3 Be7 8. 0-0 0-0 9. Nc4 Rd8 10. Re1 h6 11. Qb3 Rb8 12. Bf1 Bd6 13. Nxd6 Qxd6 14. Nd2 b6 15. Ne4 Qe7 16. Qa4 Bd7 17. Qd1 Be6 18. Qf3 Nxe4 19. dxe4 c4 20. Be3 Rd7 21. Red1 Rbd8 22. Be2 Rxd1+ 23. Rxd1 Rxd1+ 24. Bxd1 Qd7 25. Qe2 b5 26. Qd2 Qxd2 27. Bxd2 g5 28. h4 f6 29. Bh5 Bd7 30. Be3 a6 31. hxg5 hxg5 32. Bb6 Kg7 33. f3 Ne7 34. g3 Ng6 35. Bd8 Kh6 36. Bxg6 Kxg6 37. g4 Be6 38. Kf2 Kf7 39. Ke3 Bd7 40. Kd2 Ke6 41. Kc2 Kf7 42. b3 Be6 43. Kb2 Kg6 44. Ka3 Kg7 45. Kb4 Kf7 46. Ka3 1/2-1/2

[Event "Titled Tuesday intern op 05th Jul Late"]
[Site "Chess.com INT"]
[Date "2022.07.05"]
[Round "10"]
[White "Ferreira, Vitor Hugo Vieira"]
[Black "Zajic, Milan"]
[Result "1-0"]
[WhiteElo "2128"]
[BlackElo "2431"]
[PlyCount "81"]
[EventDate "2022.07.05"]
[EventType "swiss (blitz)"]
[EventRounds "11"]
[EventCountry "USA"]
[SourceTitle "CBM 209 Extra"]
[Source "ChessBase"]
[SourceDate "2022.09.30"]
[SourceVersion "1"]
[SourceVersionDate "2022.09.30"]
[SourceQuality "1"]

1. d4 Nf6 2. c4 e6 3. Nf3 Bb4+ 4. Nbd2 d5 5. Qa4+ Nc6 6. e3 Bd7 7. Qc2 0-0 8. Bd3 dxc4 9. Bxc4 Bd6 10. 0-0 e5 11. dxe5 Nxe5 12. Nxe5 Bxe5 13. Nf3 Bd6 14. e4 Ng4 15. h3 Ne5 16. Nxe5 Bxe5 17. Be3 Be6 18. Bxe6 fxe6 19. Qb3 Qc8 20. f4 Bf6 21. e5 Bh4 22. f5 Kh8 23. f6 c5 24. Qc4 g5 25. Qg4 Qc7 26. Bxg5 Bxg5 27. Qxg5 Rg8 28. Qf4 Rg6 29. Rf2 c4 30. Rd1 Rag8 31. Rd6 c3 32. bxc3 Qxc3 33. Kh2 Qc5 34. Rd7 Qc6 35. Rdd2 Qc5 36. Qd4 Qc6 37. Qd6 Qe4 38. f7 Rxg2+ 39. Rxg2 Qf4+ 40. Kg1 Qe3+ 41. Rdf2 1-0

[Event "Titled Tuesday intern op 05th Jul Late"]
[Site "Chess.com INT"]
[Date "2022.07.05"]
[Round "7"]
[White "Zajic, Milan"]
[Black "Maksimovic, Bojan"]
[Result "0-1"]
[WhiteElo "2431"]
[BlackElo "2465"]
[PlyCount "92"]
[EventDate "2022.07.05"]
[EventType "swiss (blitz)"]
[EventRounds "11"]
[EventCountry "USA"]
[SourceTitle "CBM 209 Extra"]
[Source "ChessBase"]
[SourceDate "2022.09.30"]
[SourceVersion "1"]
[SourceVersionDate "2022.09.30"]
[SourceQuality "1"]

1. e4 e5 2. Nf3 Nc6 3. Bb5 a6 4. Ba4 Nf6 5. 0-0 b5 6. Bb3 Be7 7. a4 Bb7 8. d3 0-0 9. Nc3 b4 10. Nd5 d6 11. a5 Rb8 12. c3 Bc8 13. Ba4 bxc3 14. bxc3 Bd7 15. Nxe7+ Nxe7 16. Bc2 Ng6 17. h3 h6 18. d4 Bb5 19. Re1 Re8 20. Kh2 Qd7 21. Rb1 Qc6 22. Bd2 Rbd8 23. d5 Qa8 24. Be3 c5 25. Nd2 Rb8 26. c4 Bd7 27. Qe2 Qa7 28. Rb3 Rxb3 29. Bxb3 Qc7 30. Ra1 Rb8 31. Qd3 Nf4 32. Qc3 Ne2 33. Qd3 Nd4 34. Bd1 Rb4 35. g4 Nh7 36. h4 Nf8 37. g5 hxg5 38. hxg5 Ng6 39. Bh5 Nf4 40. Bxf4 exf4 41. Kg2 Qd8 42. Nf3 Nxf3 43. Bxf3 Qxg5+ 44. Kf1 Bh3+ 45. Ke2 Rb2+ 46. Kd1 Qg1+ 0-1

[Event "SRB-ch Blitz"]
[Site "Paracin"]
[Date "2022.06.05"]
[Round "3"]
[White "Ivic, Velimir"]
[Black "Zajic, Milan"]
[Result "0-1"]
[WhiteElo "2628"]
[BlackElo "2426"]
[PlyCount "68"]
[EventDate "2022.06.05"]
[EventType "swiss (blitz)"]
[EventRounds "13"]
[EventCountry "SRB"]
[SourceTitle "CBM 208 Extra"]
[Source "ChessBase"]
[SourceDate "2022.07.31"]
[SourceVersion "1"]
[SourceVersionDate "2022.07.31"]
[SourceQuality "1"]

1. c4 e5 2. Nc3 Bb4 3. g3 Nf6 4. Bg2 0-0 5. e4 Bxc3 6. dxc3 d6 7. Ne2 a5 8. a4 Na6 9. b3 Nc5 10. f3 c6 11. Be3 Qe7 12. 0-0 Be6 13. g4 Rfd8 14. b4 Na6 15. Bb6 Re8 16. bxa5 Bxc4 17. Rf2 d5 18. Ng3 g6 19. Qc1 Nd7 20. Be3 Nac5 21. Qc2 Rxa5 22. exd5 cxd5 23. f4 Nd3 24. f5 Nxf2 25. Qxf2 Rea8 26. Rb1 Rxa4 27. fxg6 hxg6 28. Rxb7 Ra1+ 29. Nf1 Rd1 30. g5 Raa1 31. Rc7 Rxf1+ 32. Bxf1 Rxf1+ 33. Qxf1 Bxf1 34. Kxf1 Qd6 0-1